000 00908nam a22002537a 4500
001 5603
003 FISKH
005 20241220083318.0
008 241220b cb ||||| |||| 00| 0 eng d
020 _a9780590190183
040 _aFISKH
_beng
_cFISKH
_dFISKH
082 _a791
100 _aOliver, Martin
245 _aGroovy movies /
_cBy Martin Oliver : Illustrated By Tony Reeve
260 _aNew York :
_bScholastic ;
_c1998.
300 _a159 pages :
_billustrations ;
_c21 cm.
490 _aThe knowledge
520 _aGo behind the scenes with this star-studded guide - meet anxious actors and dastardly directors, get animated by an A to Z of cartoon capers, and see if the groovy movie screen tests get you on the road to stardom.
650 _abookcrossing
_vNon-fiction
650 _ahumor
_vNon-fiction
700 _aReeve, Tony
_eillustrator
942 _2ddc
_cBK
_n0
999 _c5603
_d5603